Sustainability is key to maintaining rural communities (Record no. 77486)
[ view plain ]
| 000 -LEADER | |
|---|---|
| fixed length control field | 01040cab a2200205 4500 |
| 001 - CONTROL NUMBER | |
| control field | ##L134370 |
| 008 - FIXED-LENGTH DATA ELEMENTS--GENERAL INFORMATION | |
| fixed length control field | 060801n2006 000 0 eng u |
| 035 ## - SYSTEM CONTROL NUMBER | |
| System control number | (Sirsi) u134370 |
| 041 0# - LANGUAGE CODE | |
| Language code of text/sound track or separate title | eng |
| 110 2# - MAIN ENTRY--CORPORATE NAME | |
| Corporate name or jurisdiction name as entry element | Royal Institution of Chartered Surveyors |
| 9 (RLIN) | 4900 |
| 245 00 - TITLE STATEMENT | |
| Title | Sustainability is key to maintaining rural communities |
| 260 ## - PUBLICATION, DISTRIBUTION, ETC. | |
| Date of publication, distribution, etc. | 2006 |
| 490 #0 - SERIES STATEMENT | |
| Series statement | RICS Press Release |
| Volume/sequential designation | 27 July 2006 |
| 520 ## - SUMMARY, ETC. | |
| Summary, etc. | The RICS has called upon the government to promote sustainable rural communities by creating an integrated transport infrastructure, improving employment opportunities and building affordable housing. It warns that if these steps are not taken, the countryside risks becoming dominated by rich commuters or weekend visitors who often do not support rural amenities. |
| 590 ## - LOCAL NOTE (RLIN) | |
| Local note | IKA010806 |
| 651 #4 - SUBJECT ADDED ENTRY--GEOGRAPHIC NAME | |
| Geographic name | GREAT BRITAIN |
| 690 ## - LOCAL SUBJECT ADDED ENTRY--TOPICAL TERM (OCLC, RLIN) | |
| Topical term or geographic name as entry element | ENVIRONMENTAL AND LAND CONSULTANCY-SUSTAINABILITY |
| 856 41 - ELECTRONIC LOCATION AND ACCESS | |
| Uniform Resource Identifier | <a href="https://www.rics.org/RICSWEB/getpage.aspx?p=OrF4M5i4mEyVtmwVlcQcaA">https://www.rics.org/RICSWEB/getpage.aspx?p=OrF4M5i4mEyVtmwVlcQcaA</a> |
| Public note | View the item free of charge at www.rics.org... |
| 942 ## - ADDED ENTRY ELEMENTS (KOHA) | |
| Suppress in OPAC | 0 |
| Withdrawn status | Lost status | Source of classification or shelving scheme | Damaged status | Not for loan | Home library | Current library | Shelving location | Date acquired | Total Checkouts | Full call number | Barcode | Date last seen | Copy number | Price effective from | Koha item type |
|---|---|---|---|---|---|---|---|---|---|---|---|---|---|---|---|
| Dewey Decimal Classification | Virtual | Virtual | Online | 01/08/2006 | ONLINE PUBLICATION | 134370-1001 | 06/08/2019 | 1 | 06/08/2019 | Journal article |